000 01099nam a2200301 a 4500
001 000025436
003 DO-SdBNP
005 20260305073958.0
008 110216s1986 dr a 000 0bspa d
040 _aDO-SdBNP
_bspa
_cBNPHU
041 _hspa
082 4 _a923.17293
_bH594d
_222
100 1 _aDobal, Carlos,
_d1926-2011
_952039
245 1 0 _aHabla Lilís :
_b(un documento secreto) /
_cCarlos Dobal ; presentación, Cándido Gerón.
264 4 _aSanto Domingo :
_bBiblioteca Nacional Pedro Henríquez (BNPHU),
_c©1986.
300 _a197 páginas :
_bilustraciones ;
_c21 cm.
336 _atexto
_btxt
_2rdacontent
337 _asin mediación
_bn
_2rdamedia
338 _avolumen
_bnc
_2rdacarrier
490 0 _aColección Orfeo
590 _aInventariado,2020/ VM
600 1 0 _a Heureaux, Ulises,
_d1845-1899
_9598
651 0 _aRepública Dominicana --
_xHistoria --
_y1844-1930
_91009
700 1 _aGerón, Candido,
_d1948-
_epresentación
_4pr
_93577
710 2 _aBiblioteca Nacional Pedro Henríquez
_986827
910 _aValidado. Control de calidad MMOLINA
942 _2ddc
_cLBS1
999 _c24928
_d24928